Juan de Mairena: sentencias, donaires, apuntes y recuerdos de un profesor apócrifo
Guardat en:
| Autor principal: | |
|---|---|
| Format: | Llibre |
| Idioma: | espanyol |
| Publicat: |
Buenos Aires
Losada
1957
|
| Edició: | 3a. ed |
| Col·lecció: | Biblioteca Comtemporánea
|
| Matèries: | |
| Etiquetes: |
Afegir etiqueta
Sense etiquetes, Sigues el primer a etiquetar aquest registre!
|
MARC
| LEADER | 00000nam a2200000 a 4500 | ||
|---|---|---|---|
| 001 | UCT6815 | ||
| 003 | CL-VaPUC | ||
| 005 | 20220315074439.0 | ||
| 008 | 970113e19570000AG |||||||||||||||||spa|d | ||
| 999 | |c 255486 |d 255484 | ||
| 040 | |c Pontificia Universidad Católica de Valparaíso | ||
| 082 | 0 | 4 | |a 861.09 |b MAC |2 21 |
| 100 | |a Machado Ruíz, Antonio |e autor |9 861644 | ||
| 245 | 1 | 0 | |a Juan de Mairena: sentencias, donaires, apuntes y recuerdos de un profesor apócrifo |
| 250 | |a 3a. ed | ||
| 260 | |a Buenos Aires |b Losada |c 1957 | ||
| 300 | |a 2v | ||
| 490 | 0 | |a Biblioteca Comtemporánea | |
| 583 | |a last modification |c 19970113 00:00:00 |k Rodrigo Vera | ||
| 600 | 0 | 7 | |a MAIRENA, JUAN DE |2 CL-VaPUC |9 376980 |
| 650 | 0 | |a Poesía española |9 264938 | |
| 650 | 0 | |a Crítica e interpretación |9 255042 | |
| 650 | 0 | |a Estilo literario |9 316417 | |
| 650 | 0 | |a Biografías |9 255210 | |
| 942 | |c BK |2 ddc | ||
| 945 | |d 19970113 00:00:00 |a nastorga | ||
| 952 | |0 0 |1 0 |4 0 |6 861_090000000000000_MAC_1957 |7 0 |8 A |9 277730 |a BIBEDU |b BIBEDU |d 2019-11-19 |h v.1 |i 3272834 |o 861.09 MAC 1957 |p 3272834 |r 2019-11-19 |w 2019-11-19 |y BK |k LIT | ||
| 952 | |0 0 |1 0 |4 0 |6 861_090000000000000_MAC_1957 |7 0 |8 A |9 277731 |a BIBEDU |b BIBEDU |d 2019-11-19 |h v.2 |i 3272842 |o 861.09 MAC 1957 |p 3272842 |r 2019-11-19 |w 2019-11-19 |y BK |k LIT | ||